• 首页
  • 本馆介绍
  • 公告通知
  • 最新文献
  • 馆藏检索
  • 电子资源
  • 读者导购
  • 参考咨询
  • 我的图书馆
  • 登录
  • 详细信息显示
  • 放入我的书架
  • 预约/预借图书
  • 作者相关作品
  • 分类相关作品
  • 丛书相关作品
  • 出版社相关作品

书目信息

  • 表格格式
  • 工作单格式
  • 卡片格式
题名:
微电子技术应用基础
    
 
作者: 谢君堂 编著
分册:  
出版信息: 北京   北京理工大学出版社  2006
页数: 293页
开本: 23cm
丛书名:
单 册:
中图分类: TN4
科图分类:
主题词: 微电子技术--高等学校--教材 , 微电子技术
电子资源:
ISBN: 7-5640-0489-4
000 00977nam0 2200277 450
001 012007066163
005 20070515142738.78
010    @a7-5640-0489-4@dCNY29.80
100    @a20070427d2006 km y0chiy0120 ea
101 0  @achi
102    @aCN@b110000
105    @aa z 000yy
106    @ar
200 1  @a微电子技术应用基础@Awei dian zi ji shu ying yong ji chu@f谢君堂等编著@Fxie jun tang deng bian zhu
210    @a北京@c北京理工大学出版社@d2006
215    @a293页@c图@d23cm
300    @a国防科工委“十五”规划教材·电子科学与技术
304    @a责任者还有:曲秀杰、陈禾、李卫
330    @a本书主要内容包括半导体器件物理基础、PN结、双极型晶体管和单极型晶体管、集成电路制造工艺、集成电路的设计基础、集成电路以及其他半导体器件简介。
333    @a工科信息类、电子类各专业在校大学生。
606 0  @a微电子技术@x高等学校@j教材
606 0  @a微电子技术
690    @aTN4@v4
701  0 @a谢君堂@Axie jun tang@4编著
801  0 @aCN@bRULIN@c20070515
905    @dTN4@e106@s8
    
    微电子技术应用基础/谢君堂等编著.-北京:北京理工大学出版社,2006
    293页:图;23cm
    国防科工委“十五”规划教材·电子科学与技术.-使用对象:工科信息类、电子类各专业在校大学生。
    
    ISBN 7-5640-0489-4:CNY29.80
    本书主要内容包括半导体器件物理基础、PN结、双极型晶体管和单极型晶体管、集成电路制造工艺、集成电路的设计基础、集成电路以及其他半导体器件简介。
●
相关链接 在E读中查询图书 在五车中查询图书 在当当中查询图书 在豆瓣中查询图书


正题名:微电子技术应用基础     索取号:TN4/106         预约/预借

序号 登录号 条形码 馆藏地/架位号 状态 备注
1 0570985   205709857   第二样本阅览室/ [索取号:TN4/106] 在馆    
2 0570986   205709866   第三借阅区/ [索取号:TN4/106] 在馆    
3 0570987   205709875   第三借阅区/ [索取号:TN4/106] 在馆    
4 0570988   205709884   第三借阅区/ [索取号:TN4/106] 在馆    
5 0570989   205709893   第三借阅区/ [索取号:TN4/106] 在馆    
6 0570990   205709900   第三借阅区/ [索取号:TN4/106] 在馆    
7 0570991   205709919   第三借阅区/ [索取号:TN4/106] 在馆    
8 0570992   205709928   第三借阅区/ [索取号:TN4/106] 在馆    
唐山师范学院图书馆 欢迎您!
大连网信软件有限公司© 版权所有